Ankhainy bheegh jati hay (Record no. 10744)

000 -LEADER
fixed length control field 00338 a2200145 4500
040 ## - CATALOGING SOURCE
Original cataloging agency DLC
Language of cataloging DLC
082 ## - DEWEY DECIMAL CLASSIFICATION NUMBER
Classification number 891.4391
100 ## - MAIN ENTRY--PERSONAL NAME
Personal name Wasi Shah
245 ## - TITLE STATEMENT
Title Ankhainy bheegh jati hay
Statement of responsibility, etc. Wasi Shah
260 ## - PUBLICATION, DISTRIBUTION, ETC.
Place of publication, distribution, etc. Lahore
Name of publisher, distributor, etc. Duaa publication
300 ## - PHYSICAL DESCRIPTION
Extent 128 p.
650 ## - SUBJECT ADDED ENTRY--TOPICAL TERM
Topical term or geographic name entry element Urdu--poetry
700 ## - ADDED ENTRY--PERSONAL NAME
Personal name Wasi Shah
942 ## - ADDED ENTRY ELEMENTS (KOHA)
Koha item type Book
Call number prefix 891.4391 WAS
Source of classification or shelving scheme
Holdings
Withdrawn status Lost status Damaged status Not for loan Collection code Permanent Location Current Location Shelving location Date acquired Source of acquisition Cost, normal purchase price Total Checkouts Full call number Barcode Date last seen Price effective from Koha item type
          Central Library (CL) Central Library (CL) Fiction 03/13/2012 Saeed Book Bank 144.00   891.4391 WAS SEECS010892 11/14/2012 01/05/2017 Book
© 2023 Central Library, National University of Sciences and Technology. All Rights Reserved.